[Event "AUT-chT2W 9798"]
[Site "Austria"]
[Date "1997.??.??"]
[Round "5"]
[White "Sperl, R."]
[Black "Hoellrigl, Wilfried"]
[Result "0-1"]
[WhiteElo "1920"]
[BlackElo "2205"]
[PlyCount "54"]
[EventDate "1997.??.??"]
[EventType "team"]
[EventRounds "11"]
[EventCountry "AUT"]
[SourceTitle "EXT 1999"]
[Source "ChessBase"]
[SourceDate "1998.11.16"]
[SourceVersion "1"]
[SourceVersionDate "1998.11.16"]
[SourceQuality "1"]

1. e4 c5 2. f4 Nc6 3. Nf3 g6 4. g3 Bg7 5. Bg2 e6 6. Nc3 d6 7. 0-0 Nge7 8. d3 Rb8 9. Be3 Nd4 10. Qd2 b5 11. e5 Nef5 12. Ne4 d5 13. Nxd4 cxd4 14. Bxd4 Nxd4 15. Nd6+ Kd7 16. c4 Qb6 17. Kh1 bxc4 18. dxc4 Bf8 19. Nxf7 Bb4 20. Qd1 Rf8 21. Ng5 Ba6 22. a3 Be7 23. Nxe6 Nxe6 24. Qxd5+ Ke8 25. b4 Rd8 26. c5 Rxd5 27. cxb6 Rd7 0-1